01629cam a2200277 4500999001900000005001700019008004100036020001500077050002500092100003100117245022900148250001100377260005100388300002700439500007800466504002700544650002900571700004400600700003900644700003900683942001300722952015400735952015400889952015401043952015401197 c152835d15283320200115140755.0030319t2000 mx gr 000 0 spa u a968444507500aHF5686.C8 bA43 20001 aAlba Peña, Rosa Citlalli00aCostos para la administración /crealización del sistema tutorial : Leticia Maileth Núñez Luna ; realización del libro Rosa Citlalli De Alba Peña ; asesoría Verónica Pasquel Osorno, Ana María Díaz Bonnet. a1a ed. aMéxico :bITAM ; Pearson Educación ,c2000 axxiii, 84 p. ;c27 cm. aEn la portada: Sistemas Tutoriales : educación asistida por computadora aIncluye bibliografía10aCostosxAdministración1 aNúñez Luna, Leticia Maileth, coaut.1 aPasquel Osorno, Veróonica, sesor1 aDíaz Bonnet, Ana María, asesor 2lcccLIB 102lcc4071aLIC-026bLIC-026cGENERALd2020-01-15eFOMES-2001f1a ed.iIAkCSAoHF5686.C8 A43 2000pBTM000000594r2020-01-15 00:00:00t1v1.00yLIB 102lcc4070aLIC-026bLIC-026cGENERALd2020-01-15eFOMES-2001f1a ed.iIAkCSAoHF5686.C8 A43 2000pBTM000000595r2020-01-15 00:00:00t2v1.00yLIB 102lcc4070aLIC-026bLIC-026cGENERALd2020-01-15eFOMES-2001f1a ed.iIAkCSAoHF5686.C8 A43 2000pBTM000000596r2020-01-15 00:00:00t3v1.00yLIB 102lcc4070aLIC-026bLIC-026cGENERALd2020-01-15eFOMES-2001f1a ed.iIAkCSAoHF5686.C8 A43 2000pBTM000000597r2020-01-15 00:00:00t4v1.00yLIB